000 00651nam a2200229 i 4500
001 C2-0298044
003 PPAK
005 20180728080206.0
008 090526s2007 xx a|||| ||||| | tam d
040 _aPPAK
_beng
_cPPAK
_erda
082 0 4 _a894.8113
_223
090 0 0 _a894.8113
_bVAS
_dG
100 1 _aVasantha, M.V.,
_eauthor
245 1 0 _aThenaliraman kathaikal
264 1 _a[place of publication not identified] :
_bPrema Pirasuram ,
_c2007
300 _a77 pages :
_billustrations ;
_c18 cm
336 _2rdacontent
_atext
337 _2rdamedia
_aunmediated
338 _2rdacarrier
_avolume
650 1 0 _aTamil fiction
942 _ddc
_cB
999 _c102391
_d102391